<?xml version="1.0" encoding="UTF-8"?><?xml-stylesheet type="text/xsl" href="static/style.xsl"?><OAI-PMH xmlns="http://www.openarchives.org/OAI/2.0/" xmlns:xsi="http://www.w3.org/2001/XMLSchema-instance" xsi:schemaLocation="http://www.openarchives.org/OAI/2.0/ http://www.openarchives.org/OAI/2.0/OAI-PMH.xsd"><responseDate>2026-06-01T19:51:32Z</responseDate><request verb="GetRecord" identifier="oai:riuma.uma.es:10630/3158" metadataPrefix="marc">https://riuma.uma.es/rest/oai/request</request><GetRecord><record><header><identifier>oai:riuma.uma.es:10630/3158</identifier><datestamp>2026-02-03T12:48:39Z</datestamp><setSpec>com_10630_27</setSpec><setSpec>com_10630_3139</setSpec><setSpec>com_10630_10</setSpec><setSpec>col_10630_553</setSpec></header><metadata><record xmlns="http://www.loc.gov/MARC21/slim" xmlns:dcterms="http://purl.org/dc/terms/" xmlns:doc="http://www.lyncode.com/xoai" xmlns:xsi="http://www.w3.org/2001/XMLSchema-instance" xsi:schemaLocation="http://www.loc.gov/MARC21/slim http://www.loc.gov/standards/marcxml/schema/MARC21slim.xsd">
   <leader>00925njm 22002777a 4500</leader>
   <datafield ind2=" " ind1=" " tag="042">
      <subfield code="a">dc</subfield>
   </datafield>
   <datafield ind2=" " ind1=" " tag="720">
      <subfield code="a">Ortega, Antonio</subfield>
      <subfield code="e">author</subfield>
   </datafield>
   <datafield ind2=" " ind1=" " tag="720">
      <subfield code="a">Calonge, F. D.</subfield>
      <subfield code="e">author</subfield>
   </datafield>
   <datafield ind2=" " ind1=" " tag="260">
      <subfield code="c">1980</subfield>
   </datafield>
   <datafield ind2=" " ind1=" " tag="520">
      <subfield code="a">Se describen Hebeloma eburneum Malenç. como nueva cita para Europa; Cortinarius holophaeusJ. Lange, Helvella pezizoides Afz. ex Fr., Pychoverpa bohemica (Kromb.) Boud. y Russula straminea Malenç., como nuevas para España; Hebeloma pallidum Malenç., nuevo para España peninsular y finalmente se citan Geopora foliacea (Schiff. ex Boud.) Torre, Scutellinia umbrorum (Fr.) Lamb., Cortinarius herculeus Malenç., C. ionochlorus Maire, Hebeloma edurum Metrod, Myriostoma conforme (Dicks. ex Pers.) Corda, Mycenastrum corium (Guers. ex Lamb. et DC.) Desv. y Scleroderma bovista Fr., como nuevas para Andalucía.</subfield>
   </datafield>
   <datafield ind2=" " ind1=" " tag="520">
      <subfield code="a">Fourteen species of fungi collected within the province of Granada, Spain, are described or mentioned here, which can be grouped as follows: Hebeloma eburneum Malenç., as new record to Europe; Cortinarius holophaeusJ. Lange, Helvella pezizoides Afz. ex Fr., Ptychoverpa bohemica (Kromb.) Boud. and Russula straminea Malenç., as new to Spain; Hebeloma pallidum Malenç., as new to Peninsular Spain, and finally Geoporafoliacea(Schff. ex Boud.) Torre, Scutellinia umbrorum (Fr.) Lamb., Cortinarius herculeus Malenç., C. ionochlorus Maire, Hebeloma edurum Metrod, Myriostoma confirme (Dicks. ex Pers.) Corda, Mycenastrum corium (Guers. ex Lamb. et DC.) Desv., and Scleroderma bovista Fr., as new records to Andalusia</subfield>
   </datafield>
   <datafield ind1="8" ind2=" " tag="024">
      <subfield code="a">Acta Botánica Malacitana, Nº 6&#xd;
, 1980, Págs. 83&#xd;
-94</subfield>
   </datafield>
   <datafield ind1="8" ind2=" " tag="024">
      <subfield code="a">02109506</subfield>
   </datafield>
   <datafield ind1="8" ind2=" " tag="024">
      <subfield code="a">http://hdl.handle.net/10630/3158</subfield>
   </datafield>
   <datafield ind2="0" ind1="0" tag="245">
      <subfield code="a">Aportación al estudio de los hongos de Andalucía I. Especies nuevas o interesantes de la provincia de Granada</subfield>
   </datafield>
</record>
</metadata></record></GetRecord></OAI-PMH>